000 00666nam0a22002531 4500
001 RU\NLR\INFOCOMM16\ROSSICA\1000473224
005 20250613185514.0
035 _a(NLR Aleph) 009888748
090 _a10509055
_c10509055
100 _a20030818d1875 |||y0rusy50 ca
101 0 _ager
102 _aRU
105 _ay ||||000ay
200 1 _aZur russischen Steinkohlen-und Eisen-Industrie
_fHelmersen, G.v.
210 _aSt.Petersburg
_d1875
215 _d
700 1 _aHelmersen
_bG.v.
_4070
801 1 _aRU
_bInfoComm
_c20030818
801 0 _aRU
_bNLR
_gPSBO
852 _aNLR
_j12.43.2.1974
942 _cBOOK
980 _aNB
980 _aRossica